zpět

Detail výsledku týmu

Eden, Heřmanův Městec

Datum a čas kvízu

30 Celkem bodů Celkový počet nahraných bodů na tomto kvízu bez doplňovacích otázek.
4. Pořadí na kvízu Konečné umístění týmu na tomto kvízu.

Zaznamenané odpovědi

# Otázka Odpověď Body Výsledky
1. Ve věku 100 let zemřel posledn... Emil Boček 1
2. Minulý týden spustila společno... Bard 1
3. Aukci v pražské výstavní síni... Oskar Kokoschka 0
4. Zlínská obuvnická firma Vasky... Botas 0
5. V noci na středu našeho času s... baseball 0
6. Vítězné téma facebookového hla... D) chléb ve tvaru ucha 0
7. První písemná zmínka o lasagní... bešamelová (bešamel) 1
8. Dne 1. dubna 1957 odvysílala j... BBC 0
9. Přiřaďte k sobě jednotlivé typ... 1D 2A 3C 4B 0
10. Jak se nazývá výrobce těstovin... Adriana 1